Score 0/20 Timer 03:00
2 Plays Today
% Correct
Family Guy
97.3%
Flintstones
97%
Felix the Cat
95.9%
Fantastic Four
95.1%
Fat Albert
94.7%
Futurama
94.5%
Fairly Oddparents
89.6%
F is for Family
84.8%
Father of the Pride
79.4%
Freakazoid
78.2%
% Correct
Franklin
77.6%
Fraggle Rock
76.8%
Fanboy and Chum-Chum
75.8%
Foster's Home
69.9%
Freedom Fighters
65.7%
Funky Phantom
61.3%
Final Space
59.9%
Foofur
51.3%
Fillmore
47.4%
Fantastic Max
33.6%

You're not logged in!

Compare scores with friends on all Sporcle quizzes.
OR
Log In

Sporcle TV

Today on Sporcle TV


Watch our educational content, quiz creation guides, and fun videos on Sporcle TV.

Show Comments

Extras

Top Quizzes Today


Score Distribution

Paid Content

Your Account Isn't Verified!

In order to create a playlist on Sporcle, you need to verify the email address you used during registration. Go to your Sporcle Settings to finish the process.

Report this User

Report this user for behavior that violates our Community Guidelines.

Details: